El empleo de técnicas de seguimiento ocular para evaluar materiales educativos en educación primaria (Record no. 195478)
[ view plain ]
| 000 -CABECERA | |
|---|---|
| campo de control de longitud fija | 01013cab a2200277 ab4500 |
| 005 - FECHA Y HORA DE LA ÚLTIMA TRANSACCIÓN | |
| campo de control | 20240412140136.0 |
| 008 - ELEMENTOS DE LONGITUD FIJA--INFORMACIÓN GENERAL | |
| campo de control de longitud fija | 991125c2017 sp qr p o 000 0 spa d |
| 035 ## - NÚMERO DE CONTROL DEL SISTEMA | |
| Número de control de sistema | UPN01000223381 |
| 040 ## - FUENTE DE LA CATALOGACIÓN | |
| Centro catalogador/agencia de origen | MX-MxUPN |
| Lengua de catalogación | spa |
| Centro/agencia transcriptor | MX-MxUPN |
| Normas de descripción | aacr2 |
| 049 ## - COLECCIÓN | |
| Colección | ART-E |
| 100 1# - ASIENTO PRINCIPAL--NOMBRE PERSONAL | |
| Nombre de persona | Molina, Ana Isabel |
| Enlace | - anaisabel.molina@uclm.es |
| 100 1# - ASIENTO PRINCIPAL--NOMBRE PERSONAL | |
| Nombre de persona | Navarro, Oscar |
| 100 1# - ASIENTO PRINCIPAL--NOMBRE PERSONAL | |
| Nombre de persona | Lacruz, Miguel |
| 100 1# - ASIENTO PRINCIPAL--NOMBRE PERSONAL | |
| Nombre de persona | Ortega, Manuel |
| 245 10 - MENCIÓN DE TÍTULO | |
| Título | El empleo de técnicas de seguimiento ocular para evaluar materiales educativos en educación primaria |
| Medio | [recurso electrónico en línea] |
| 506 0# - NOTA DE RESTRICCIONES AL ACCESO | |
| Limitaciones de acceso | Acceso abierto |
| 653 0# - TERMINO DE INDIZACION - NO CONTROLADO | |
| Término no controlado | Contenidos multimedia |
| 653 0# - TERMINO DE INDIZACION - NO CONTROLADO | |
| Término no controlado | Diseño de materiales |
| 653 0# - TERMINO DE INDIZACION - NO CONTROLADO | |
| Término no controlado | Evaluación de materiales |
| 653 0# - TERMINO DE INDIZACION - NO CONTROLADO | |
| Término no controlado | EYE TRACKER |
| 773 ## - ENLACE AL DOCUMENTO FUENTE/ENTRADA DE REGISTRO ANFITRIÓN | |
| Parte(s) relacionada(s) | No. 376 (2017), p. 87-109 |
| Título | Revista de educación [Madrid] |
| Número Internacional Normalizado para Publicaciones Seriadas | 1988-592X |
| 856 4# - LOCALIZACIÓN Y ACCESO ELECTRÓNICOS | |
| Identificador Uniforme del Recurso | <a href="http://www.mecd.gob.es/dctm/revista-de-educacion/articulos376/04molina.pdf?documentId=0901e72b82436985">http://www.mecd.gob.es/dctm/revista-de-educacion/articulos376/04molina.pdf?documentId=0901e72b82436985</a> |
| 902 ## - ELEMENTOS DE DATOS B LOCAL, LDB (RLIN) | |
| Modificó | Leonor Sotres/120424 |
| 905 ## - TIPO DE MATERIAL | |
| Tipo de material | Articulo |
| 942 ## - ELEMENTOS DE PUNTO DE ACCESO ADICIONAL (KOHA) | |
| Tipo de ítem Koha | Artículo Electrónico |
| Estado de retiro | Estado de pérdida | Estado dañado | No para préstamo | Código de colección | Localización permanente | Ubicación/localización actual | Ubicación en estantería | Fecha de adquisición | Total de préstamos | Fecha visto por última vez | Identificador Uniforme del Recurso | Precio válido a partir de | Tipo de ítem Koha |
|---|---|---|---|---|---|---|---|---|---|---|---|---|---|
| Acceso abierto | Bib. Gregorio Torres Quintero | Bib. Gregorio Torres Quintero | En línea | 12/04/2024 | 12/04/2024 | http://www.mecd.gob.es/dctm/revista-de-educacion/articulos376/04molina.pdf?documentId=0901e72b82436985 | 12/04/2024 | Artículo Electrónico |
